000 01218nmm a2200337 a 4500
001 ocm0001132689
003 TR-IsHL
005 20201028152233.0
008 150709s2015 tu tur
007 cr cn
020 _a9786059964272
035 _a1132689
_b(N$T)
050 0 4 _aPR3724
_b.G7 2015
090 0 4 _aPR3724
_b.G7 2015
100 1 _aSwift, Jonathan
245 1 0 _aGüliver cüceler ülkesinde
_h[electronic resource] /
_cJonathan Swift ; hazırlayan Muhammet Yıldız ; editör Faruk Kasım Bilgeoğlu, Mehmet Çakırcalı ; tashih Mehmet Özbek, Yasin Özkan ; resimleyen Üzeyir Koyun
260 _aİstanbul :
_bÇamlıca Basım Yayın,
_c2015
300 _a90 p.
650 4 _aDil ve Edebiyat
650 4 _aLanguage and Literature
650 0 _aİngiliz romanı
650 0 _aEnglish fiction
650 7 _aLITERARY COLLECTIONS / European / English, Irish, Scottish, Welsh
_2bisacsh
700 1 _aYıldız, Muhammet
700 1 _aBilgeoğlu, Kasım
700 1 _aÇakırcalı, Mehmet
700 1 _aÖzbek, Mehmet
700 1 _aÖzkan, Yasin
700 1 _aKoyun, Üzeyir
856 4 0 _uhttp://search.ebscohost.com/login.aspx?direct=true&scope=site&db=e011xww&AN=1132689
999 _c11424
_d11424